| 000 | 00611nam a2200229 i 4500 | ||
|---|---|---|---|
| 001 | 88096 | ||
| 003 | ES-MaACL | ||
| 005 | 20230906175813.0 | ||
| 007 | t| | ||
| 008 | 050103s1988 sp ||||1| spa d | ||
| 020 | _a84-7683-094-7 | ||
| 080 | _a159.964.2 | ||
| 100 | 1 |
_aLafourcade, Agustín. _969521 |
|
| 245 | 1 | 0 |
_aPsicoanálisis de cada cual / _cAgustín Lafourcade. |
| 260 |
_aMadrid : _bLibertarias, _c[1988] |
||
| 300 |
_a175 p. ; _c20 cm. |
||
| 490 | 1 |
_aEnsayo ; _v38 |
|
| 650 | 4 |
_aPsicoanálisis. _916530 |
|
| 830 | 1 |
_aEnsayo ; _v38 _9177699 |
|
| 852 | 4 |
_aES-MaACL _jL-13217 |
|
| 999 |
_c88096 _d88096 |
||